00751nam a22002057a 450000500170000001000150001702000260003203500140005803700130007208200140008510000180009924500820011726000450019927000660024430000160031050000460032694200280037299900190040095201260041920180129130110.0 aENG-122164 a9780199477562c995.00 aEN-105696 bDBAD/PUB a305.50954 aSharma, Mukul aCaste & Nature :cby Mukul Sharmabdalits and indian environmental politics / aNew DelhibOxford University Pressc2017 a2/11 Ground Floor, Ansari Road, Daryaganj bNew Delhie110002 a296p.c24cm aincludes Bibliography reference and index 2ddccENh305.50954mSHA c149555d149555 001040718NFICaDBADbBNd2018-01-29eDBAD/PUBg995.00l0o305.50954 MUKpEN-105696r2018-01-29 00:00:00t1v995.00yEN